Clubs de Ligue 1 (2026-2027) - Statistiques

Statistiques générales
  • Ce quiz a été pris 8 fois
  • Le résultat moyen est 18 sur 18
Statistiques - réponses
Ligue 1 % Correct
AJ Auxerre
100%
Angers
100%
ESTAC
100%
Le Mans
100%
LOSC
100%
OGC Nice
100%
Olympique de Marseille
100%
Olympique Lyonnais
100%
Paris FC
100%
Paris Saint-Germain
100%
RC Lens
100%
RC Strasbourg
100%
Stade Brestois
100%
Stade Rennais
100%
Toulouse
100%
AS Monaco
86%
FC Lorient
86%
Le Havre
86%
Aucun quiz correspondant
Distribution des résultats
% des personnes avec chaque résultat
Percentile par nombre de réponses
Votre historique - résultats
Vous n’avez pas pris ce quiz